Guess the 1970s song lyrics #227 - Statistics

General Stats
  • This quiz has been taken 18 times
  • The average score is 295 of 349
Answer Stats
Answer % Correct
a
100%
are
100%
be
100%
can
100%
don't
100%
feel
100%
go
100%
got
100%
I
100%
in
100%
is
100%
Is
100%
it
100%
It's
100%
it's
100%
no
100%
so
100%
that
100%
the
100%
to
100%
We
100%
we
100%
who
100%
Why
100%
and
90%
feeling
90%
Grease
90%
grease
90%
my
90%
There
90%
They
90%
they
90%
This
90%
time
90%
what
90%
you
90%
just
80%
love
80%
motion
80%
of
80%
our
80%
place
80%
see
80%
thing
80%
too
80%
way
80%
word
80%
ain't
70%
groove
70%
heard
70%
make
70%
now
70%
Now
70%
saw
70%
take
70%
up
70%
with
70%
belongs
60%
far
60%
life
60%
light
60%
only
60%
real
60%
think
60%
yesterday
60%
away
50%
Conventionality
50%
doin
50%
here
50%
I'll
50%
meaning
50%
right
50%
Their
50%
chance
40%
cryin
40%
fight
40%
shame
40%
throw
40%
believin
30%
lovin
30%
problems
30%
start
30%
stop
30%
trouble
30%
understand
30%
what're
30%
confusion
20%
danger
20%
feed
20%
growin
20%
illusion
20%
lips
20%
lyin
20%
pressure
20%
wrapped
20%
Laced
10%
pain
10%
No matching quizzes found
Score Distribution
Percent of People with Each Score
Percentile by Number Answered
Your Score History
You have not taken this quiz